Market leader : Upper intermediate English
The Market Leader Class CDs contain all the listening texts from the Market Leader Course Book.
Đã lưu trong:
| 主要作者: | |
|---|---|
| 格式: | 圖書 |
| 語言: | Undetermined |
| 出版: |
England
Pearson Education Ltd.
2006
|
| 主題: | |
| 標簽: |
添加標簽
沒有標簽, 成為第一個標記此記錄!
|
| Thư viện lưu trữ: | Trung tâm Học liệu Trường Đại học Cần Thơ |
|---|
| LEADER | 00808nam a2200229Ia 4500 | ||
|---|---|---|---|
| 001 | CTU_134263 | ||
| 008 | 210402s9999 xx 000 0 und d | ||
| 020 | |c 80500 | ||
| 082 | |a 428.24 | ||
| 082 | |b C851/CD.1 | ||
| 100 | |a Cotton, David | ||
| 245 | 0 | |a Market leader : | |
| 245 | 0 | |b Upper intermediate English | |
| 245 | 0 | |c David Cotton, David Falvey, Simon Kent | |
| 260 | |a England | ||
| 260 | |b Pearson Education Ltd. | ||
| 260 | |c 2006 | ||
| 520 | |a The Market Leader Class CDs contain all the listening texts from the Market Leader Course Book. | ||
| 650 | |a English language,English language,Tiếng Anh thực hành,Tiếng Anh thực hành | ||
| 650 | |x Business English,Tiếng Anh trong kinh doanh | ||
| 904 | |i Giang | ||
| 980 | |a Trung tâm Học liệu Trường Đại học Cần Thơ | ||